Quizzes
Events
Quiz Creation
Community
Videos
Private Events
Remove Ads
Sign In
Join for FREE
Feedback
Dark Mode
Quiz Categories
Sports
Geography
Music
Movies
Television
Just For Fun
Miscellaneous
History
Literature
Language
Science
Gaming
Entertainment
Religion
Holiday
For Kids
Quiz Lab
Recent
Popular Today
Quiz Kudos Today
Editor Picks
Curator Picks
Quizzes by...
Day
Popularity
Type
Ratings
Length
Year
Community
Subscriptions
Recent Discussions
Orange Saloon
Badges
Playlists
Quests
Create
Leaderboards
Showdown
Live 5
Trivia Bingo
Activity
Puzzle Library
Sporcle Events
Private Events
Virtual Trivia
Globe League
Become a Host
Pub Owners
SporcleCon
Opinionation
Our Games
Videos
Blog
Mobile Apps
Partnerships
Remove Ads and Go Orange
Feedback
Sports
Athletes
MLB
NBA
NHL
NFL
Soccer
Sports Teams
WWE
NCAA
Football
Premier League
Basketball
Baseball
Hockey
Golf
Tennis
Cricket
Rugby
Auto Racing
Olympics
World Cup
Sports
Athletes
MLB
NBA
NHL
NFL
Soccer
Sports Teams
WWE
NCAA
Football
Premier League
Basketball
Baseball
Hockey
Golf
Tennis
Cricket
Rugby
Auto Racing
Olympics
World Cup
Random Quiz
Search Sporcle
×
Quiz Lab
Quiz Lab
Sports
MMA
Type in answers that appear in a list
Type in answers that appear in a list
Classic
Best Score? Go Orange.
Current UFC Middleweights Stats
Can you name the Current UFC Middleweights?
By
soundwriter
12m
56 Questions
130 Plays
130 Plays
130 Plays
Comments
Comments
Give Quiz Kudos
Give Quiz Kudos
-
- Ratings
hide this ad
More Info
Replay
Link that replays current quiz
Next Quiz
Link to next quiz in quiz playlist
You Got
0%
They Got
Avg Score
29%
Avg Friend Score
Upgrade to see
Score Distribution
Jump to the score distribution portion of the page
Score
0/56
Timer
12:00
0
Plays Today
Record
Fighter
% Correct
33-
5
Anderson Silva
95.4%
24-
5
Michael Bisping
82.3%
10-
0 (C)
Chris Weidman
81.4%
10-
2
Luke Rockhold
75.8%
Vitor Belfort
70.9%
9-
2
Cung Le
65.4%
18-
3, 1NC
Ronaldo Souza
62.1%
5-
1
Yoel Romero
61.6%
19-
4
Lyoto Machida
55.8%
29-
7, 1NC
Rich Franklin
53.1%
13-
3
Mark Munoz
53.1%
22-
10
Chris Leben
52.3%
16-
6
Tim Boetsch
51.5%
29-
7
Yushin Okami
51.5%
16-
4
Tim Kennedy
47.4%
7-
4
Uriah Hall
43%
18-
8
Alan Belcher
41.5%
10-
2
Derek Brunson
38.1%
12-
2, 1NC
Costa Philippou
34.6%
13-
4
CB Dollaway
33.1%
21-
9, 1NC
Ed Herman
32.3%
21-
4
Thales Leites
27.9%
10-
1
Brad Tavares
25.4%
15-
10, 1NC
Alessio Sakara
24.6%
9-
5, 1NC
Tom Lawlor
22.3%
21-
7
Francis Carmont
20%
19-
6
Chris Camozzi
18.5%
13-
1, 1NC
Lorenz Larkin
17.9%
Record
Fighter
% Correct
13-
2
Nick Ring
17.7%
10-
4
Trevor Smith
16.3%
16-
4-
1
Rafael Natal
15.4%
6-
0
Luke Barnatt
15.1%
8-
3
Clint Hester
14%
6-
2
Cezar Ferreira
13.2%
21-
8
John Howard
12.8%
12-
3
Buddy Roberts
12.3%
16-
6
Tom Watson
11.9%
8-
2
Thiago Santos
11.6%
13-
5
Jared Hamman
10.8%
16-
4-
1
Tor Troeng
10.5%
10-
2
Josh Samman
10.5%
8-
3
Daniel Sarafian
9.6%
16-
4, 1NC
Dylan Andrews
9.3%
9-
1
Andrew Craig
9.2%
14-
1
Ronny Markes
8.5%
21-
6
Bubba McDaniel
8.1%
12-
1, 1NC
Stanislav Nedkov
7.2%
15-
5
Mike Swick
7%
10-
4
Magnus Cedenblad
6.9%
6-
1
Caio Magalhaes
6.4%
4-
0
Brian Houston
3.5%
9-
1-
1
Thiago Perpetuo
2.6%
8-
2
Brad Scott
2.3%
9-
2
Papy Abedi
1.2%
12-
2
Michael Kuiper
1.2%
9-
1, 1NC
Antonio Braga Neto
0%
Quiz Playlist
Details
Report
Send in Message
Add To Playlist
More Info:
As of 8/24/13. (C) denotes current title holder. Records according to sherdog.comdog.com
Classic:
Type in answers that appear in a list
Quiz Source
Last Updated: Feb 16, 2017
Quiz Scoreboard
CHALLENGE
Sign Up to Join the Scoreboard
Show All
Scores
Hide
Comments
May contain spoilers
Recently Published
Billboard Blitz: Fleetwood Mac
by CooCooCachoo
Music
15s
Presidents Visiting Landmarks
by Hejman
History
7m
An Introduction to Baseball
by treessimontrees
Sports
5m
More to Explore
Quiz From the Vault
Featured Blog Post
Where Did the Easter Bunny Come From?
hide this ad
You Might Also Like...
Tags
Middleweight
MMA
MMA Fighters
UFC
UFC Fighters
UFC Middleweight
Today's Top Quizzes in Sports
Browse Sports
hide this ad
Today's Top Quizzes in MMA
Browse MMA
Top Contributed Quizzes in Sports
1
Les meilleurs buteurs des matchs entre le PSG et l’OM
2
2022 World Cup Stars
3
FIFA Club World Cup Champions
4
Les entraîneurs de l'OM et du PSG au 21e siècle
5
Name the Premier League winners with different clubs
6
5-to-1: UK Sports Teams
7
La finale Lions - Afrique du Sud 2021
8
Criteria MLB: Left Handed Sluggers
9
AFC Teams Reveal (Wrong Answers Minefield)
10
England Test cricketers to play under Nasser Hussain
Explore More
Trending Topics
Crossword
Disney
Harry Potter
Marvel
Kpop
Anime
NBA
Song
The Office
Soccer
Puzzle
Country
WWE
Pokémon
NFL
hide this ad
More By:
soundwriter
Quiz
Plays
Rating
Category
Featured
Created
Current UFC Heavyweights
269
3.60
Sports
Apr 24, 2012
Current UFC Lightweights
144
5.00
Sports
Apr 24, 2012
Current UFC Light Heavyweights
131
5.00
Sports
Apr 24, 2012
Current UFC Middleweights
130
5.00
Sports
Apr 24, 2012
Current UFC Welterweights
130
5.00
Sports
Apr 24, 2012
Go to Creator's Profile
Score Distribution
Quiz Creator Spotlight
soundwriter
Follow
Send a Message
Quizzes Created
-
Created Quiz Play Count
-
More By This Creator
Popular Quizzes Today
1
Find the US States - No Outlines Minefield
2
Find the Countries of Europe - No Outlines Minefield
3
The Countries of the World
4
Find the US States
5
Popular People in 1961
6
US States
7
Risky Map Clicking: Biggest States A-Z
8
Movies - When Are They Set?
More Sports Quizzes
All about... Sevilla FC
Quiz Lab
Trending Quizzes
Risky Map Clicking: Least Populous States A-Z
1-10 Letter G Words
1-10 Letter F Words
Risky Map Clicking: Next State Alphabetically
Risky Map Clicking: Biggest States A-Z
Recently Updated
Leaping Animals
pecheneg
Reality TV Shows (A-Z)
bhenderson79
Rickey Henderson's Hall of Fame Teammates
pecheneg
Champions League XIs: Arsenal
pecheneg
Quick Pick: Celebrities in WWE's Hall of Fame
aduchscher
A-Z Keypad Blitz II
pecheneg
Multiple Oscar Actors
pecheneg
Mystery Phrase Blitz: Oscar 'Best Actors'
pecheneg
F. Scott Fitzgerald Novels
LTH
Pick 3 Villains
ddd62291
Trending Topics
Kpop
Marvel
Anime
NBA
Crossword
Disney
Harry Potter
Country
Puzzle
Song
NFL
WWE
Soccer
The Office
Pokémon
Your Account Isn't Verified!
In order to create a playlist on Sporcle, you need to verify the email address you used during registration. Go to your
Sporcle Settings
to finish the process.
Report this User
Report this user for behavior that violates our
Community Guidelines
.
Details:
Send Report
Go to the Sporcle.com Mobile Site →
Comments